| 000 | 00450nam0a2200169 4500 | ||
|---|---|---|---|
| 001 | 31129 | ||
| 010 | _a9727101852 | ||
| 021 | _b207108/04 | ||
| 090 | _a31129 | ||
| 100 | _a20100901d2004 a 0pory5003 ba | ||
| 200 | 1 |
_aO Casamento da Gata _fLuísa Ducla Soares _gil. Pedro Leitão |
|
| 210 |
_aLisboa _cTerramar _d2004 |
||
| 215 |
_a[24] p. _d22 cm |
||
| 675 |
_a087.5 _vBNL _zpor |
||
| 700 | 1 |
_aSoares _bLuísa Ducla |
|
| 702 | 1 |
_aLeitão _bPedro |
|
| 990 | _cLIVROS | ||